000 01073nam a22001457a 4500
999 _c520130
_d520130
008 220702b ||||| |||| 00| 0 eng d
100 _aParekh, Charmie
_931816
245 _aNFT explained
260 _aYojana
300 _a66(6), Jun, 2022: p.35-37
520 _aArtists need a platform to showcase their piece of art and to monetize it in order to earn a living and to ensure the protection of the source, the ownership, the copyright, and its future value. With the invention of non-fungible token (NFT) a technology that allows creators and artists to bypass the intermediary altogether, decentralization allows artist and creates to gain control not just over the fanatical value of their artworks buy also over the ownership and copyright of the same. It all started with a set of 10,000 randomly generated pixilated images that proved the demand for digital ownership of non-physical objects and collectibles in 2017, and he market has been evolving rapidly eve sicne. – Reproduced
773 _aYojana
906 _aART AND TECHNOLOGY
942 _cAR